000 00369pab a2200145 454500
008 180718b2002 xxu||||| |||| 00| 0 eng d
100 _aSubrahmanyam, K. Siva
245 _aSecond-generation amends to panchayati raj: a suggested framework
260 _c2002
300 _ap.33-36.
362 _aAug
650 _aPanchayat
773 _aKurukshetra
909 _a53291
999 _c53291
_d53291